000 01245cad a22002175a 4500
001 L153791
008 110831s2011 xxk f 000 0 eng d
035 _a(Sirsi) u153791
041 0 _aeng
050 0 4 _a306.1 $2 18
110 2 _aOxford Economics
245 0 0 _aHousing market analysis
_bJuly 2011
_h[electronic resource]
260 _aLondon
_bOxford Economics
_c2011
505 2 _aRecent development -- Mortgage lending -- Housebuilding only a partial recovery -- Demographics and household formation -- Outlook for house prices
520 _aOverview of recent developments in the housing market as at July 2011. Highlights the impact of mortgage lending difficulties on the housing market focusing on factors including loan to values ratios, income multiples and deposit values. Considers demographic and household changes and the outlook for the housing market over second half of 2011. Research carried out behalf of the National Housing Federation.
590 _aKA NTK
651 4 _aUnited Kingdom
_y
690 _aPROPERTY-RESIDENTIAL PROPERTY
856 4 0 _uhttps://www.housing.org.uk/publications/find_a_publication/general/housing_market_analysis_by_oxf.aspx
_zView the item free of charge at www.housing.org
942 _n0
999 _c112699
_d112699